AULA Revue pro vysokoškolskou a vědní politiku
Gespeichert in:
| Format: | Schriftenreihe |
|---|---|
| Sprache: | Tschechisch |
| Veröffentlicht: |
Praha
Karolinum
1993
|
| Schlagworte: | |
| Tags: |
Keine Tags, Fügen Sie das erste Tag hinzu!
|
MARC
| LEADER | 00000nas2a2200000 4500 | ||
|---|---|---|---|
| 001 | s013570 | ||
| 005 | 20041019155327.9 | ||
| 022 | |a 1210-6658 | ||
| 041 | 0 | |a cze | |
| 044 | |a CZ | ||
| 245 | 1 | 0 | |a AULA |b Revue pro vysokoškolskou a vědní politiku |
| 264 | 1 | |a Praha |b Karolinum |c 1993 | |
| 300 | |a 1 zv. | ||
| 773 | 0 | |w eu_un_cat*s120547 | |
| 610 | 2 | 0 | |a ekonómia |
| 610 | 2 | 0 | |a štatistika |
| 610 | 2 | 0 | |a teória štatistiky |
| 610 | 2 | 0 | |a školy vysoké |